000 00674nam a2200253Ia 4500
003 OSt
005 20221007075921.0
006 a|||||r|||| 00| 0
007 ta
008 221006b |||||||| |||| 00| 0 eng d
020 _a8187498110
024 _a674
037 _cReference Collections
040 _aFLL
_cFLL
_beng
041 _2eng
_aeng
082 _aW2,1, P0
100 _aJai Janak Raj
245 0 _aPresidents of India
260 _aNew Delhi
_bRegency Publications India
_c2000
300 _a285p
_ccm.
650 _aConstitutional law
_9681314
942 _hW2,1, P0
_cREF
_2CC
999 _c1157812
_d1157812